000
00314nam a2200121Ia 4500
008
190216s9999||||xx |||||||||||||| ||und||
100
_a
Stanley Kipping F&Amp; Barry Kipping F
245
0
_a
Organic Chemistry
260
_b
English Language Book Society
_c
1961
300
_a
xxxii
650
_a
Chemistry
942
_c
BK
999
_c
1957
_d
1957